Martin (Mac) Frič

Bibliographic Details
Main Author: Ottová, Jana, 1943- (Author)
Format: Article
Language:Czech
Subjects:

MARC

LEADER 00000nab a2200000 a 4500
001 vtls000844770
003 SK-MaSNL
005 20260304010330.0
008 160321c2003 xo 0 cze
015 |a SNBRB2003/09-24194 
035 |a CLN000196425 
040 |a SNKBUCL  |b slo  |c SNKBUCL  |e AACR2 
041 0 |a cze 
044 |a xo  |c SK 
080 |a 791.44.071.2  |2 UDC-MRF-SK2 
080 |a 929 Frič, Martin  |2 UDC-MRF-SK2 
100 1 |a Ottová, Jana,  |d 1943-  |4 aut  |9 244801 
245 1 0 |a Martin (Mac) Frič  |c Jana Ottová 
300 |b Fotogr. 
600 1 7 |a Frič, Martin,  |d 1902-1968  |2 snkbucl  |9 114141 
655 7 |a články z novín a časopisov  |2 snkbucl  |9 267496 
773 0 |x 1335-549X  |t Česká beseda  |g Roč. 9, č. 7-8 (2003), s. 30 
850 |a Slovenská národná knižnica v Martine 
852 |a SNK  |b KIS3GCP 
958 |a BC 
958 |a RBX 
999 |c 2560421  |d 2562351